Φορτώνει......

A reader's guide to fifty British poets, 1300-1900 /

Λεπτομέρειες βιβλιογραφικής εγγραφής
Κύριος συγγραφέας: Schmidt, Michael
Μορφή: Printed Book
Γλώσσα:English
Έκδοση: London : Totowa, N.J. : Heinemann ; Barnes & Noble, 1980.
Σειρά:Reader's guide series
Θέματα:
LEADER 01168cam a2200289 a 4500
008 810820s1980 enk b 001 0deng
010 |a  81119974  
015 |a GB*** 
020 |a 0389201375(Barnes&Noble):  |c £7.50 
043 |a e-uk--- 
082 0 0 |a 821.009 SCH/F  |2 19 
100 1 |a Schmidt, Michael, 
245 1 2 |a A reader's guide to fifty British poets, 1300-1900 /  |c by Michael Schmidt. 
260 |a London :  |b Heinemann ;  |a Totowa, N.J. :  |b Barnes & Noble,  |c 1980. 
300 |a 430 p. ;  |c 21 cm. 
490 0 |a Reader's guide series 
500 |a "First published 1980 by Pan Books as An introduction to fifty British poets, 1300-1900"--Verso t.p. 
500 |a Includes index. 
500 |a Spine title: 50 British poets, 1300-1900. 
504 |a Bibliography: p. [405]-421. 
650 0 |a English poetry  |x Handbooks, manuals, etc. 
650 0 |a Poets, English  |x Biography. 
740 0 |a 50 British poets, 1300-1900. 
906 |a 7  |b cbc  |c orignew  |d 4  |e ncip  |f 19  |g y-gencatlg 
942 |c REF 
999 |c 200148  |d 200148 
952 |0 0  |1 0  |4 0  |6 821_009000000000000_SCH_F  |7 0  |9 221525  |a ENG  |b ENG  |c REF  |d 2017-05-22  |i 12628  |l 0  |o 821.009 SCH/F  |p ENG12628  |r 2017-05-22  |w 2018-08-21  |y REF